2000s Cartoons by Characters - Statistics

General Stats
  • This quiz has been taken 78 times
  • The average score is 10 of 24
Answer Stats
Hint Answer % Correct
Perry the Platypus, Dr. Doofenschmirtz Phineas and Ferb
89%
Raven, Beast Boy Teen Titans
87%
Aang, Toph Avatar: The Last Airbender
86%
Cosmo, Wanda Fairly OddParents
86%
Carl Wheezer, Hugh Neutron Jimmy Neutron
73%
Anakin Skywalker, Ahsoka Tano Star Wars: The Clone Wars
62%
Light Yagami, L Death Note
52%
Gwen Tennyson, Max Tennyson Ben 10
48%
Penny Proud, Oscar Proud The Proud Family
48%
Stan Smith, Roger American Dad
44%
Zim, GIR Invader Zim
43%
Aku, The Scotsman Samurai Jack
32%
Mung Daal, Shnitzel Chowder
25%
Owen, Gwen Total Drama Island
24%
Yugi Mutou, Joey Wheeler Yu Gi Oh! Duel Monsters
24%
Mac, Bloo Foster’s Home for Imaginary Friends
22%
Abraham Lincoln, Joan of Arc Clone High
19%
Irwin, Billy The Grim Adventures of Billy and Mandy
19%
Captain K’nuckles, Bubbie The Marvelous Misadventures of Flapjack
17%
Dean Venture, Hank Venture The Venture Bros.
17%
Master Shake, Frylock Aqua Teen Hunger Force
16%
Nigel Uno, Wallabee Beetles Codename: Kids Next Door
16%
Foxxy Love, Spanky Ham Drawn Together
8%
Buzz, Delete Cyberchase
6%
No matching quizzes found
Score Distribution
Percent of People with Each Score
Percentile by Number Answered
Your Score History
You have not taken this quiz